PEWARIS /
Politics of UMNO, United Malays National Organisation.
Saved in:
| Main Author: | |
|---|---|
| Corporate Author: | |
| Format: | Book |
| Language: | Malay |
| Published: |
Ampang, Selangor :
Juz' Art,
2000
©2000 |
| Subjects: | |
| Tags: |
Add Tag
No Tags, Be the first to tag this record!
|
| Call Number : | JQ 1062.A98 H43 2000 |
MARC
| LEADER | 00000nam a2200000 c 4500 | ||
|---|---|---|---|
| 001 | 16923 | ||
| 003 | MY-KlNDU | ||
| 005 | 20250306100032.0 | ||
| 006 | a|||| |||| 000 0 | ||
| 007 | ta | ||
| 008 | s20002000my af 000 0 may d | ||
| 020 | |a 9839926926 (pbk) | ||
| 020 | |a 9789839926927 (pbk) | ||
| 039 | 9 | |a 202405101400 |b dewi |c 201510191424 |d ros |c 201503101251 |d shahrim | |
| 040 | |a MY-KlNDU |b eng |c MY-KlNDU |e rda | ||
| 090 | |a JQ 1062.A98 |b H43 2000 | ||
| 100 | 0 | |a S. Hashim Ahmad, |q (Syed Hashim Syed Ahmad) |e author | |
| 245 | 1 | 0 | |a PEWARIS / |c S. HASHIM AHMAD |
| 264 | 1 | |a Ampang, Selangor : |b Juz' Art, |c 2000 | |
| 264 | 1 | |c ©2000 | |
| 300 | |a 149 pages, [28] pages of plates : |b illustrations ; |c 21 cm | ||
| 336 | |a text |2 rdacontent | ||
| 337 | |a unmediated |2 rdamedia | ||
| 338 | |a volume |2 rdacarrier | ||
| 520 | |a Politics of UMNO, United Malays National Organisation. | ||
| 610 | 2 | |a Parti Islam Semalaysia | |
| 650 | 0 | |a Political parties |z Malaysia | |
| 651 | 0 | |a Malaysia |x Politics and government | |
| 710 | 2 | |a United Malays National Organization | |
| 942 | |2 lcc |c 1 | ||
| 999 | |c 16923 |d 16923 | ||


